<?xml version="1.0" encoding="UTF-8"?><?xml-stylesheet type="text/xsl" href="static/style.xsl"?><OAI-PMH xmlns="http://www.openarchives.org/OAI/2.0/" xmlns:xsi="http://www.w3.org/2001/XMLSchema-instance" xsi:schemaLocation="http://www.openarchives.org/OAI/2.0/ http://www.openarchives.org/OAI/2.0/OAI-PMH.xsd"><responseDate>2026-04-17T05:49:34Z</responseDate><request verb="GetRecord" identifier="oai:www.recercat.cat:10256/15009" metadataPrefix="marc">https://recercat.cat/oai/request</request><GetRecord><record><header><identifier>oai:recercat.cat:10256/15009</identifier><datestamp>2024-06-14T09:44:10Z</datestamp><setSpec>com_2072_452955</setSpec><setSpec>com_2072_2054</setSpec><setSpec>col_2072_453064</setSpec></header><metadata><record xmlns="http://www.loc.gov/MARC21/slim" xmlns:dcterms="http://purl.org/dc/terms/" xmlns:xsi="http://www.w3.org/2001/XMLSchema-instance" xmlns:doc="http://www.lyncode.com/xoai" xsi:schemaLocation="http://www.loc.gov/MARC21/slim http://www.loc.gov/standards/marcxml/schema/MARC21slim.xsd">
   <leader>00925njm 22002777a 4500</leader>
   <datafield ind2=" " ind1=" " tag="042">
      <subfield code="a">dc</subfield>
   </datafield>
   <datafield ind2=" " ind1=" " tag="720">
      <subfield code="a">Echazarreta Soler, Carmen</subfield>
      <subfield code="e">author</subfield>
   </datafield>
   <datafield ind2=" " ind1=" " tag="720">
      <subfield code="a">Costa Marcé, Albert</subfield>
      <subfield code="e">author</subfield>
   </datafield>
   <datafield ind2=" " ind1=" " tag="260">
      <subfield code="c">2017</subfield>
   </datafield>
   <datafield ind2=" " ind1=" " tag="520">
      <subfield code="a">The global economy has suffered a serious and rapid slowdown that has led to unemployment&#xd;
and a shortage of decent work, fundamentally affecting the most vulnerable sectors of society. In&#xd;
order to overcome the inequality and exclusion inherent in the current economic system,&#xd;
companies that are termed ‘inclusive’ produce opportunities for development and aim to improve&#xd;
the quality of life of those who suffer social exclusion. This study aims to describe the main&#xd;
characteristics of inclusive companies based on four fundamental principles: values, team&#xd;
management, corporate social responsibility, and responsible marketing. This theoretical review&#xd;
of the most important studies concludes that there is a need for inclusive companies that&#xd;
contribute to the common good while generating profits. Such companies also have to be smart,&#xd;
championed by leaders who promote the use of information technologies and communication to&#xd;
improve citizens’ quality of life. Likewise, companies have to be sustainable, balancing business&#xd;
development on the one hand with the environment and protection of the planet on the other. In&#xd;
essence, in order to move towards a new ethics and business policy, society needs companies&#xd;
that are committed to inclusive development</subfield>
   </datafield>
   <datafield ind1="8" ind2=" " tag="024">
      <subfield code="a">http://hdl.handle.net/10256/15009</subfield>
   </datafield>
   <datafield tag="653" ind2=" " ind1=" ">
      <subfield code="a">Empreses -- Responsabilitat social</subfield>
   </datafield>
   <datafield tag="653" ind2=" " ind1=" ">
      <subfield code="a">Social responsibility of business</subfield>
   </datafield>
   <datafield tag="653" ind2=" " ind1=" ">
      <subfield code="a">Ètica empresarial</subfield>
   </datafield>
   <datafield tag="653" ind2=" " ind1=" ">
      <subfield code="a">Business ethics</subfield>
   </datafield>
   <datafield ind2="0" ind1="0" tag="245">
      <subfield code="a">Inclusive Companies, Reinventing Quality Of Life: A Theoretical</subfield>
   </datafield>
</record></metadata></record></GetRecord></OAI-PMH>